000 00707nam a2200217Ii 4500
003 JO-AjNU
008 230606s9999||||xx |||||||||||||| ||und||
020 _a978-0-521-07253-3(hardback) , 978-0-521-06034-9(paperback)
040 _aJO-AjNU
_beng
_erda
_cJO-AjNU
041 _aeng
050 1 4 _aPR2420 2008
100 3 _aGENERAL EDITOR: BOWERS,FREDSON,
_eauthor
_92797
245 0 4 _aTHE DRAMATIC WORKS IN THE BEAUMONT AND FLETCHER CANON VOL.II
250 _a1 ed
264 3 1 _aNew York:CAMBRIDGE UNIVERSITY PRESS, 2008
300 _aVol.11, 695p
336 _atext
_btxt
_2rdacontent
337 _aunmediated
_bn
_2rdamedia
338 _avolume
_bnc
_2rdacarrier
650 4 _aTHE DRAMATIC WORKS
_92798
999 _aE1466
_c1466
_d1466